000 00448nam a22001457a 4500
005 20240808151046.0
008 240808b |||||||| |||| 00| 0 eng d
041 _aeng
082 _bKUM
100 _aKumbhojkar Soniya- 2K211062 & Dr. Suvarna Dhamdhere – Guide
_9208130
245 _aA Development of HR Analytics with Respect to Attrition Rate at Cummins India Ltd.
260 _aPune
_bSPPU
_c March-2023
300 _a146p
942 _cPR
999 _c359366
_d359366